Investigation of Pt/SiO2 nanoparticles by solution and single particle mode ICP-MS
Pt/SiO2 nanocomposites (Stöber SiO2 support particles surface coated with 1.6 nm Pt nanoparticles) were analysed utilizing inductively coupled plasma mass spectrometry (ICP-MS) in the solution and single particle modes. Both analytical approaches were optimized and their performance compared in deta...
Elmentve itt :
| Szerzők: | |
|---|---|
| Testületi szerző: | |
| Dokumentumtípus: | Könyv része |
| Megjelent: |
2016
|
| Sorozat: | Proceedings of the International Symposium on Analytical and Environmental Problems
22 |
| Kulcsszavak: | Analitikai kémia, Nanorészecskék, Fizikai kémia |
| Online Access: | http://acta.bibl.u-szeged.hu/56124 |
| LEADER | 01649naa a2200301 i 4500 | ||
|---|---|---|---|
| 001 | acta56124 | ||
| 005 | 20260224081030.0 | ||
| 008 | 181213s2016 hu o 100 eng d | ||
| 020 | |a 978-963-306-507-5 | ||
| 040 | |a SZTE Egyetemi Kiadványok Repozitórium |b hun | ||
| 041 | |a eng | ||
| 100 | 1 | |a Kéri Albert | |
| 245 | 1 | 0 | |a Investigation of Pt/SiO2 nanoparticles by solution and single particle mode ICP-MS |h [elektronikus dokumentum] / |c Kéri Albert |
| 260 | |c 2016 | ||
| 300 | |a 376-379 | ||
| 490 | 0 | |a Proceedings of the International Symposium on Analytical and Environmental Problems |v 22 | |
| 520 | 3 | |a Pt/SiO2 nanocomposites (Stöber SiO2 support particles surface coated with 1.6 nm Pt nanoparticles) were analysed utilizing inductively coupled plasma mass spectrometry (ICP-MS) in the solution and single particle modes. Both analytical approaches were optimized and their performance compared in detail. The single particle ICP-MS approach proposed in this study is a novel approach for the determination of the surface concentration nanoparticles in nanocomposites. | |
| 695 | |a Analitikai kémia, Nanorészecskék, Fizikai kémia | ||
| 700 | 0 | 1 | |a Kálomista Ildikó |e aut |
| 700 | 0 | 1 | |a Szamosvölgyi Ákos |e aut |
| 700 | 0 | 1 | |a Dobó Dorina Gabriella |e aut |
| 700 | 0 | 1 | |a Juhász Koppány Levente |e aut |
| 700 | 0 | 1 | |a Sápi András |e aut |
| 700 | 0 | 1 | |a Kukovecz Ákos |e aut |
| 700 | 0 | 1 | |a Kónya Zoltán |e aut |
| 700 | 0 | 1 | |a Galbács Gábor |e aut |
| 710 | |a International Symposium on Analytical and Environmental Problems (22.) (2016) (Szeged) | ||
| 856 | 4 | 0 | |u http://acta.bibl.u-szeged.hu/56124/1/proceedings_of_isaep_2016_376-379.pdf |z Dokumentum-elérés |